[Event "DEN-chT 2223 60th"]
[Site "Denmark"]
[Date "2023.03.25"]
[Round "8.3"]
[White "Ramsdal, Jens Albert"]
[Black "Liu, Casper Yukun"]
[Result "0-1"]
[WhiteElo "2318"]
[BlackElo "2317"]
[PlyCount "86"]
[EventDate "2022.10.29"]
[EventType "team-tourn"]
[EventRounds "9"]
[EventCountry "DEN"]
[SourceTitle "CBM 213 Extra"]
[Source "ChessBase"]
[SourceDate "2023.05.31"]
[SourceVersion "1"]
[SourceVersionDate "2023.05.31"]
[SourceQuality "1"]
[WhiteTeam "Copenhagen 68"]
[BlackTeam "BMS"]
[WhiteTeamCountry "DEN"]
[BlackTeamCountry "DEN"]

1. d4 Nf6 2. c4 e6 3. Nf3 d5 4. Nc3 Bb4 5. cxd5 exd5 6. Bg5 0-0 7. e3 h6 8. Bh4 Bf5 9. Be2 g5 10. Bg3 Ne4 11. Qb3 c5 12. a3 Qa5 13. Rc1 Bxc3+ 14. bxc3 c4 15. Qb2 Qb6 16. Qxb6 axb6 17. Nd2 Nxd2 18. Kxd2 Rxa3 19. Ra1 Rb3 20. Bd1 Nc6 21. Bd6 Rc8 22. Bxb3 cxb3 23. f3 b2 24. Rae1 Na5 25. e4 Nc4+ 26. Kc2 Bg6 27. Bb4 f5 28. exd5 f4+ 29. Re4 g4 30. d6 Bxe4+ 31. fxe4 f3 32. gxf3 gxf3 33. e5 Kf7 34. d5 Nxe5 35. Kxb2 Rg8 36. Kb3 Ke8 37. c4 f2 38. Rf1 Nd3 39. c5 Rg1 40. Rxf2 Nxf2 41. c6 bxc6 42. dxc6 Rc1 43. Bc3 Rxc3+ 0-1

[Event "Aarhus-chA"]
[Site "Aarhus"]
[Date "2023.02.12"]
[Round "5"]
[White "Ramsdal, Jens Albert"]
[Black "Thogersen, Rasmus"]
[Result "1/2-1/2"]
[WhiteElo "2378"]
[BlackElo "2380"]
[PlyCount "79"]
[EventDate "2023.02.10"]
[EventType "tourn"]
[EventRounds "5"]
[EventCountry "DEN"]
[EventCategory "5"]
[SourceTitle "CBM 212 Extra"]
[Source "ChessBase"]
[SourceDate "2023.03.31"]
[SourceVersion "1"]
[SourceVersionDate "2023.03.31"]
[SourceQuality "1"]

1. d4 Nf6 2. c4 g6 3. Nc3 d5 4. Nf3 Bg7 5. Qb3 dxc4 6. Qxc4 0-0 7. e4 Nc6 8. Be2 e5 9. d5 Nd4 10. Nxd4 exd4 11. Qxd4 c6 12. Qc4 b5 13. Qxc6 Bd7 14. Qd6 Re8 15. e5 b4 16. Qxb4 Rxe5 17. 0-0 Nxd5 18. Nxd5 Rxe2 19. Rd1 Rb8 20. Bg5 Rxb4 21. Bxd8 Rbxb2 22. Nf6+ Bxf6 23. Bxf6 Rbd2 24. Rxd2 Rxd2 25. Rb1 Re2 26. h4 a6 27. g4 Re4 28. f3 Re2 29. Rb8+ Re8 30. Rb2 Bb5 31. Kf2 Kf8 32. a3 h5 33. Rd2 hxg4 34. fxg4 Re6 35. Rd8+ Be8 36. g5 Re4 37. Ra8 Rxh4 38. Rxa6 Ra4 39. Rxa4 Bxa4 40. Ke3 1/2-1/2

[Event "Aarhus-chA"]
[Site "Aarhus"]
[Date "2023.02.11"]
[Round "2"]
[White "Olsen, Filip Boe"]
[Black "Ramsdal, Jens Albert"]
[Result "1/2-1/2"]
[WhiteElo "2430"]
[BlackElo "2378"]
[PlyCount "61"]
[EventDate "2023.02.10"]
[EventType "tourn"]
[EventRounds "5"]
[EventCountry "DEN"]
[EventCategory "5"]
[SourceTitle "CBM 212 Extra"]
[Source "ChessBase"]
[SourceDate "2023.03.31"]
[SourceVersion "1"]
[SourceVersionDate "2023.03.31"]
[SourceQuality "1"]

1. d4 Nf6 2. c4 g6 3. Nc3 d5 4. cxd5 Nxd5 5. e4 Nxc3 6. bxc3 Bg7 7. Qa4+ Qd7 8. Bb5 c6 9. Bd3 0-0 10. Nf3 c5 11. Qxd7 Nxd7 12. Rb1 Nb6 13. 0-0 Rd8 14. Be3 Na4 15. Rfc1 a6 16. e5 b6 17. Be4 Ra7 18. Bc6 b5 19. c4 Bf5 20. Rb3 cxd4 21. Nxd4 Rc7 22. cxb5 axb5 23. f4 Rxd4 24. Bxd4 Bd7 25. Bxd7 Rxc1+ 26. Kf2 Nc5 27. Bxc5 Rxc5 28. Rxb5 Rc2+ 29. Kf3 Rxa2 30. Rb8+ Bf8 31. Rc8 1/2-1/2

[Event "DEN-chT 2223 60th"]
[Site "Denmark"]
[Date "2023.01.14"]
[Round "5.5"]
[White "Ramsdal, Jens Albert"]
[Black "Chatalbashev, Boris"]
[Result "0-1"]
[WhiteElo "2318"]
[BlackElo "2488"]
[PlyCount "162"]
[EventDate "2022.10.29"]
[EventType "team-tourn"]
[EventRounds "9"]
[EventCountry "DEN"]
[SourceTitle "CBM 213 Extra"]
[Source "ChessBase"]
[SourceDate "2023.05.31"]
[SourceVersion "1"]
[SourceVersionDate "2023.05.31"]
[SourceQuality "1"]
[WhiteTeam "Copenhagen 68"]
[BlackTeam "Koge Xtracon"]
[WhiteTeamCountry "DEN"]
[BlackTeamCountry "DEN"]

1. d4 Nf6 2. c4 e6 3. Nc3 d5 4. Nf3 dxc4 5. e4 Bb4 6. Bxc4 Nxe4 7. 0-0 Nf6 8. Bg5 0-0 9. Qe2 Nbd7 10. Rad1 c6 11. Ne5 Qc7 12. Nxd7 Nxd7 13. Qg4 Re8 14. Ne4 Qa5 15. a3 Bf8 16. Qh4 f5 17. Bd2 Qa4 18. Ng5 Nf6 19. Ba2 Qc2 20. Bc1 h6 21. Nf3 Qe4 22. Qg3 Qg4 23. Qc7 Re7 24. Qa5 Nd5 25. Ne5 Qh5 26. Rd3 g5 27. Rh3 Qe8 28. Qd2 Bg7 29. Re1 Bd7 30. Qd3 Rd8 31. Qg3 Bc8 32. Bb3 Nf6 33. Qd3 Kf8 34. Qc4 Rd5 35. Bd2 Ne4 36. Rxe4 fxe4 37. Bb4 Kg8 38. Qc3 Rd8 39. Qe3 Bxe5 40. dxe5 Rd3 41. Qxa7 Rxh3 42. gxh3 Rf7 43. Bd1 c5 44. Qxc5 Qc6 45. Bh5 Rf5 46. Qxc6 bxc6 47. Bd6 Rf4 48. Be2 Kf7 49. b4 Kg6 50. a4 Rf7 51. Bc5 Rd7 52. Bd6 Ra7 53. a5 Ba6 54. Kf1 Kf5 55. Bxa6 Rxa6 56. Kg2 Kf4 57. h4 g4 58. Bc5 h5 59. Bd4 Ra8 60. h3 Ra6 61. Be3+ Kf5 62. Bd4 Ra8 63. Kg3 gxh3 64. Kxh3 Kf4 65. Be3+ Kxe5 66. Kg3 Kf5 67. Bc5 e5 68. Be3 Ke6 69. Kg2 Kd5 70. Kf1 Kc4 71. Bc5 Rxa5 72. bxa5 Kxc5 73. Ke2 Kb5 74. Ke3 Kxa5 75. Kxe4 c5 76. Kxe5 c4 77. Kf4 Kb4 78. Kg5 c3 79. Kxh5 c2 80. f4 c1Q 81. f5 Qf4 0-1

[Event "Nordsjalland Weekend op-A"]
[Site "Allerod"]
[Date "2023.01.08"]
[Round "5"]
[White "Liu, Casper Yukun"]
[Black "Ramsdal, Jens Albert"]
[Result "0-1"]
[WhiteElo "2311"]
[BlackElo "2328"]
[PlyCount "90"]
[EventDate "2023.01.06"]
[EventType "swiss"]
[EventRounds "5"]
[EventCountry "DEN"]
[SourceTitle "EXT 2024"]
[Source "ChessBase"]
[SourceDate "2023.10.10"]
[SourceVersion "1"]
[SourceVersionDate "2023.10.10"]
[SourceQuality "1"]

1. d4 Nf6 2. c4 e6 3. g3 d5 4. Bg2 Bb4+ 5. Bd2 Be7 6. Nf3 0-0 7. 0-0 Nbd7 8. b4 Ne4 9. c5 Bf6 10. Nc3 a5 11. e3 Nxd2 12. Qxd2 axb4 13. Nb5 b3 14. a4 c6 15. Nd6 b6 16. Nxc8 bxc5 17. Nd6 Qc7 18. e4 cxd4 19. exd5 Qxd6 20. dxc6 Nb6 21. a5 Nc4 22. Qd3 Nxa5 23. Nd2 Qb4 24. Nxb3 Qxb3 25. Qxb3 Nxb3 26. Rxa8 Rxa8 27. Rb1 Be5 28. Rxb3 Ra1+ 29. Bf1 Rc1 30. Ra3 Kf8 31. Ra6 Ke7 32. Kg2 Bc7 33. Bd3 g6 34. g4 Rc3 35. Bb5 e5 36. Ra7 Kd6 37. Ra8 Kc5 38. Rc8 Bd6 39. Be2 d3 40. Bf3 d2 41. Be2 e4 42. c7 Kd5 43. Rh8 Rxc7 44. Rxh7 Rc1 45. Rxf7 Re1 0-1

[Event "Nordsjalland Weekend op-A"]
[Site "Allerod"]
[Date "2023.01.06"]
[Round "1"]
[White "Hansen, Lars"]
[Black "Ramsdal, Jens Albert"]
[Result "0-1"]
[WhiteElo "2223"]
[BlackElo "2328"]
[PlyCount "38"]
[EventDate "2023.01.06"]
[EventType "swiss"]
[EventRounds "5"]
[EventCountry "DEN"]
[SourceTitle "EXT 2024"]
[Source "ChessBase"]
[SourceDate "2023.10.10"]
[SourceVersion "1"]
[SourceVersionDate "2023.10.10"]
[SourceQuality "1"]

1. e4 e5 2. Nf3 Nc6 3. d4 exd4 4. Bc4 Nf6 5. e5 Ne4 6. Qe2 Nc5 7. c3 Ne6 8. 0-0 Bc5 9. b4 Bb6 10. b5 Ne7 11. cxd4 d5 12. exd6 cxd6 13. Nc3 d5 14. Bb3 Bxd4 15. Bb2 0-0 16. Nxd5 Nxd5 17. Nxd4 Nxd4 18. Bxd4 Nf4 19. Qe3 Qxd4 0-1